• 首页
  • 本馆介绍
  • 公告通知
  • 最新文献
  • 馆藏检索
  • 电子资源
  • 读者导购
  • 参考咨询
  • 我的图书馆
  • 登录
  • 详细信息显示
  • 放入我的书架
  • 预约/预借图书
  • 作者相关作品
  • 分类相关作品
  • 丛书相关作品
  • 出版社相关作品

书目信息

  • 表格格式
  • 工作单格式
  • 卡片格式
题名:
现代汉语
    
 
作者: 黄汉生 主编
分册:  
出版信息: 北京   书目文献出版社  1981.12
页数: 378页
开本: 20cm
丛书名:
单 册:
中图分类: H194.3
科图分类:
主题词: 汉语--语言教学
电子资源:
ISBN:
000 00634nam0 2200217 45
001 0212111775
005 20070923151937.21
010    @dCNY1.15
091    @a9201.2
100    @a20021211d1981 km y0chiy0120 ea
101 0  @achi
200 1  @a现代汉语@AXian Dai Han Yu@e语法修辞@EYu Fa Xiu Ci@f黄汉生主编@FHuang Han Sheng Zhu Bian
210    @a北京@c书目文献出版社@d1981.12
215    @a378页@d20cm
300    @a中国人民大学函授学院教材
517    @a语法修辞@AYu Fa Xiu Ci
606 0  @a汉语@x语言教学
690    @aH194.3@v3
701  0 @a黄汉生@4主编
801    @aCN@bTSTC@c20070923
905    @dH194.3@e178@f2@b56977-978@b56980-981@f2
    
    现代汉语:语法修辞/黄汉生主编.-北京:书目文献出版社,1981.12
    378页;20cm
    中国人民大学函授学院教材
    
    ISBN :CNY1.15
    
●
相关链接 在E读中查询图书 在五车中查询图书 在当当中查询图书 在豆瓣中查询图书


正题名:现代汉语     索取号:H194.3/178         预约/预借

序号 登录号 条形码 馆藏地/架位号 状态 备注
1 0056975   001739426   密集书库/ [索取号:H194.3/178] 在馆    
2 0056976   001776297   密集书库/ [索取号:H194.3/178] 在馆    
3 0056977   000847944   密集书库/ [索取号:H194.3/178] 在馆    
4 0056978   000848060   第四借阅区/ [索取号:H194.3/178] 在馆    
5 0056979   001892740   密集书库/ [索取号:H194.3/178] 在馆    
6 0056980   000847980   第四借阅区/ [索取号:H194.3/178] 在馆    
7 0056981   000848024   第四借阅区/ [索取号:H194.3/178] 在馆    
8 0056982   001739818   密集书库/ [索取号:H194.3/178] 在馆    
9 0056983   001892759   密集书库/ [索取号:H194.3/178] 在馆    
10 0056984   001775822   密集书库/ [索取号:H194.3/178] 在馆    
11 0083251   000912490   密集书库/ [索取号:H194.3/178] 在馆    
12 0083253   001699433   密集书库/ [索取号:H194.3/178] 在馆    
13 0083254   001739774   密集书库/ [索取号:H194.3/178] 在馆    
14 0083255   001699264   密集书库/ [索取号:H194.3/178] 在馆    
15 0083258   001699399   密集书库/ [索取号:H194.3/178] 在馆    
16 0083259   000912613   密集书库/ [索取号:H194.3/178] 在馆    
17 0083260   000912579   第二样本阅览室/ [索取号:H194.3/178] 在馆    
18 0435655   204356552   密集书库/ [索取号:H194.3/178] 在馆    
19 0435656   204356561   密集书库/ [索取号:H194.3/178] 在馆    
20 0435669   204356696   密集书库/ [索取号:H194.3/178] 在馆    
21 0435670   204356703   密集书库/ [索取号:H194.3/178] 在馆    
22 0455600   204556006   密集书库/ [索取号:H194.3/178] 在馆    
23 0455773   204557737   密集书库/ [索取号:H194.3/178] 在馆    
24 0462361   204623611   密集书库/ [索取号:H194.3/178] 在馆    
25 0462362   204623620   密集书库/ [索取号:H194.3/178] 在馆    
26 0462363   204623639   密集书库/ [索取号:H194.3/178] 在馆    
27 0462364   204623648   密集书库/ [索取号:H194.3/178] 在馆    
28 0462365   204623657   密集书库/ [索取号:H194.3/178] 在馆    
29 0462757   204627573   密集书库/ [索取号:H194.3/178] 在馆    
30 0624749   206247499   密集书库/ [索取号:H194.3/178] 在馆    
31 0769556   207695564   密集书库/ [索取号:H194.3/178] 在馆    
32 0786688   207866889   密集书库/ [索取号:H194.3/178] 在馆    
唐山师范学院图书馆 欢迎您!
大连网信软件有限公司© 版权所有